Current Developments in Intra-EU Investment Protection After ACHMEA

Investičné arbitrážne konania medzi investormi z členských štátov EÚ a ďalšími členskými štátmi EÚ, ktoré zohrávali v posledných dvoch desaťročiach dôležitú úlohu pri formovaní prostredia investičného práva EÚ. Dosiahnutie rozhodnutia Súdneho dvora Európskej únie prinieslo náhly koniec tejto éry rie...

ver descrição completa

Na minha lista:
Detalhes bibliográficos
Autor principal: Brocková, Katarína, 1976-
Outros Autores: Chuguryan, Simona, 1977-, Kucharčík, Rudolf, 1977-
Formato: Capítulo de Livro
Idioma:inglês
Assuntos:
Tags: Adicionar Tag
Sem tags, seja o primeiro a adicionar uma tag!

MARC

LEADER 00000naa a2200000 4500
001 0271177
005 20240502083821.5
041 0 |a eng 
044 |a MK 
245 1 0 |a Current Developments in Intra-EU Investment Protection After ACHMEA  |c Katarína Brocková, Simona Chuguryan, Rudolf Kucharčík 
520 |a Investičné arbitrážne konania medzi investormi z členských štátov EÚ a ďalšími členskými štátmi EÚ, ktoré zohrávali v posledných dvoch desaťročiach dôležitú úlohu pri formovaní prostredia investičného práva EÚ. Dosiahnutie rozhodnutia Súdneho dvora Európskej únie prinieslo náhly koniec tejto éry riešenia investičných sporov medzi investormi z EÚ a členskými štátmi EÚ. Následné ukončenie všetkých bilaterálnych investičných zmlúv medzi 23 členskými štátmi EÚ. Potenciálne účinky, ktoré tento vývoj bude mať na budúce právne predpisy v oblasti investícií a arbitrážne konanie v EÚ, ako aj potenciálne účinky na investičné právo a režimy arbitráže v budúcich členských štátoch EÚ. 
610 2 0 |a arbitráž 
610 2 0 |a investície 
610 2 0 |a investori 
610 2 0 |a Európska únia 
610 2 0 |a právo 
100 1 |a Brocková, Katarína, 1976- 
700 1 |a Chuguryan, Simona, 1977- 
700 1 |a Kucharčík, Rudolf, 1977-